[Event "Rivera Huila Hernandez Memorial-B"]
[Site "Rivera Huila"]
[Date "2023.07.23"]
[Round "6"]
[White "Martinez Quintero, Javier"]
[Black "Perdomo, Luis Miguel"]
[Result "0-1"]
[WhiteElo "1642"]
[BlackElo "1500"]
[PlyCount "80"]
[EventDate "2023.07.20"]
[EventType "swiss"]
[EventRounds "7"]
[EventCountry "COL"]
[SourceTitle "CBM 215 Extra"]
[Source "ChessBase"]
[SourceDate "2023.09.30"]
[SourceVersion "1"]
[SourceVersionDate "2023.09.30"]
[SourceQuality "1"]

1. d4 Nf6 2. c4 g6 3. Nc3 Bg7 4. e4 d6 5. Bg5 0-0 6. Nf3 h6 7. Bh4 c5 8. e5 dxe5 9. dxe5 Nfd7 10. Be2 Nc6 11. e6 fxe6 12. 0-0 a6 13. Rc1 b6 14. b3 Bb7 15. Re1 Nd4 16. Nxd4 cxd4 17. Na4 Nc5 18. Nb2 e5 19. b4 Ne6 20. f3 Qd6 21. Bg3 Qxb4 22. Nd3 Qd6 23. Bf1 Nf4 24. c5 bxc5 25. Nxc5 Bd5 26. Ne4 Bxe4 27. Rxe4 a5 28. Qa4 d3 29. Bxf4 exf4 30. Qc4+ Kh7 31. Re6 Qd4+ 32. Kh1 Qxc4 33. Rxc4 d2 34. Be2 Rac8 35. Rec6 Rxc6 36. Rxc6 Rb8 37. Kg1 Rb1+ 38. Kf2 d1Q 39. Bxd1 Rxd1 40. Rc2 Rb1 0-1

[Event "Rivera Huila Hernandez Memorial-B"]
[Site "Rivera Huila"]
[Date "2023.07.22"]
[Round "5"]
[White "Perdomo, Luis Miguel"]
[Black "Munoz, Mauricio"]
[Result "1-0"]
[WhiteElo "1500"]
[BlackElo "1689"]
[PlyCount "81"]
[EventDate "2023.07.20"]
[EventType "swiss"]
[EventRounds "7"]
[EventCountry "COL"]
[SourceTitle "CBM 215 Extra"]
[Source "ChessBase"]
[SourceDate "2023.09.30"]
[SourceVersion "1"]
[SourceVersionDate "2023.09.30"]
[SourceQuality "1"]

1. e4 c5 2. Nf3 d6 3. d4 cxd4 4. Nxd4 Nf6 5. Nc3 a6 6. Be3 e6 7. f3 Be7 8. Qd2 Qc7 9. h4 Nc6 10. g4 b5 11. h5 Nd7 12. g5 Nxd4 13. Bxd4 b4 14. Ne2 e5 15. Be3 a5 16. 0-0-0 Ba6 17. f4 exf4 18. Bxf4 Ne5 19. Nd4 Bxf1 20. Rhxf1 0-0 21. Nf5 Rfd8 22. Qd5 Bf8 23. g6 Kh8 24. Bxe5 dxe5 25. Qxf7 Rdc8 26. Qxc7 Rxc7 27. Rd5 Rac8 28. Rf2 a4 29. Rxe5 b3 30. axb3 a3 31. Ra5 Bb4 32. Ra4 axb2+ 33. Kxb2 Bc3+ 34. Kb1 Rd7 35. Rf1 Rd2 36. Ne3 Rcd8 37. Nd5 Be5 38. Ra7 Rh2 39. Raf7 Bd6 40. Ne7 Rxh5 41. Rf8+ 1-0